| 000 | 00919nam a22002537a 4500 | ||
|---|---|---|---|
| 005 | 20170123164157.0 | ||
| 010 | _aB-124493 | ||
| 020 | _c100.00 | ||
| 035 | _aB-124493 | ||
| 037 | _bCen Lib/Ret | ||
| 040 |
_aDPL _bPN |
||
| 082 |
_a910 .04 _bਬਲਦੇ |
||
| 100 |
_aਬਲਦੇਵ ਸਿੰਘ _9136031 |
||
| 245 |
_aਇਹ ਸੜਕਨਾਮਾ ਨਹੀਂ / _cਬਲਦੇਵ ਸਿੰਘ |
||
| 246 |
_aEhh sadaknama nahin / _bby Baldev Singh |
||
| 260 |
_aਲੁਧਿਆਨਾ _bਚੇਤਨਾ ਪ੍ਰਕਾਸ਼ਨ _c2005 |
||
| 270 |
_aਪੰਜਾਬੀ ਭਵਨ _bਲੁਧਿਆਨਾ |
||
| 300 |
_a108p ; _c20cm |
||
| 650 |
_a ਭਾਰਤ ਨੂੰ -- ਵੇਰਵਾ ਅਤੇ ਯਾਤਰਾ _9136032 |
||
| 650 |
_aਯਾਤਰਾ _9136033 |
||
| 650 |
_aIndia -- Description and travel _926587 |
||
| 650 |
_a travel _925007 |
||
| 942 |
_2ddc _cPN _h910.4 _mਬਲਦੇ |
||
| 999 |
_c110775 _d110775 |
||